000 01117nam a22003017a 4500
999 _c5864
_d5864
003 AR-CdUCM
008 190313b ||||| |||| 00| 0 spa d
040 _aMUNICIPALIDAD PROVINCIAL DEL CUSCO
_cBIBLIOTECA MUNICIPAL DEL CUSCO
041 _heng
082 _a973 /
_bSA266
100 _aSavelle, Max
_917325
245 _aHistoria de la Civilización Norteamericana :
_b1607 - 1961 /
260 _aMadrid :
_bGredos,
_c1962.
300 _a599 páginas ;
_bIlustraciones, Mapas,
_c25 cm.
500 _aDonación de la familia Nieto
505 _aContenido: Nuevas sociedades inglesas en la comunidad atlántica, 1607-1713 -- Las bases de una nueva nación, 1700-1770 -- El logro de la independencia, 1763-1829 ...
650 _aHistoria de Estados Unidos
_93551
650 _aIndependencia
_9625
650 _aEstados Unidos
_91805
650 _aSiglo XVII
_92242
650 _aSiglo XVIII
_9837
650 _aSiglo XIX
_9971
650 _aSiglo XX
_98
700 _aLopez Martinez, Maria Dolores (traductor)
_917326
700 _aAlborg, Juan Luis (traductor)
_917327
942 _2ddc
_cLIBROS
945 _acmm